| 000 | 00657nam a2200253Ia 4500 | ||
|---|---|---|---|
| 003 | OSt | ||
| 005 | 20221007101522.0 | ||
| 006 | a|||||r|||| 00| 0 | ||
| 007 | ta | ||
| 008 | 221006b |||||||| |||| 00| 0 eng d | ||
| 024 | _a6,597 | ||
| 037 | _cTextual | ||
| 040 |
_aLCO _cLCO _beng |
||
| 041 |
_2eng _aeng |
||
| 082 | _aV3:191, L1 | ||
| 100 |
_aBARKAR NANCY N _9703108 |
||
| 245 | 0 | _aDiplomacy in an age of Nationalism. | |
| 260 |
_aHogue _bMartinus Nijhoff _c1971 |
||
| 300 | _a222 | ||
| 650 | _aNATIONALISM | ||
| 700 | _a BROWN M L | ||
| 942 |
_hV3:191, L1 _cTEXL |
||
| 999 |
_c1176160 _d1176160 |
||